All CPU Opponent Miis - Statistics

General Stats
  • This quiz has been taken 543 times
    500 since last reset
  • The average score is 52 of 222
Answer Stats
Mii Name % Correct
Matt
84%
Abby
63%
Elisa
57%
Lucía
51%
Ai
49%
Tommy
49%
Eva
48%
Tyrone
48%
Chris
47%
Alex
46%
Rie
46%
Barbara
45%
Ren
45%
Rin
45%
Sara
45%
Akira
44%
Anna
44%
David
44%
James
44%
Miyu
44%
Steph
44%
Pierre
43%
Sho
43%
Abe
42%
Andy
42%
Steve
42%
Yoshi
42%
Luca
41%
Mike
41%
Nick
41%
Sakura
41%
Shinnosuke
41%
Yoko
41%
Emma
40%
Kentaro
39%
Michael
39%
Oscar
39%
Ryan
39%
Ashley
38%
Cole
38%
Daisuke
38%
Hiroshi
38%
Misaki
38%
Theo
38%
Gwen
37%
Eddy
36%
Sarah
36%
Victor
36%
Asami
35%
Haru
35%
Jake
35%
Maria
35%
Miguel
35%
Ursula
35%
Fumiko
34%
Marco
34%
Alisha
33%
Ian
33%
Shouta
33%
Jessie
32%
Julie
32%
Mia
32%
Rachel
32%
Vincenzo
32%
Kathrin
31%
Saburo
31%
Silke
31%
Stéphanie
31%
Gabi
30%
George
30%
Hiromi
30%
Keiko
30%
Pablo
30%
Patrick
30%
Takumi
30%
Tatsuaki
30%
Tomoko
30%
Chika
29%
Eduardo
29%
Emily
29%
Fritz
29%
Giovanna
29%
Greg
29%
Helen
29%
Martin
29%
Naomi
29%
Nelly
29%
Takashi
29%
Midori
28%
Siobhán
28%
Gabrielle
27%
Hiromasa
27%
Holly
27%
Jackie
27%
Megan
27%
Marisa
26%
Hayley
25%
Alice
24%
Shinta
24%
Shohei
24%
Sota
23%
John
22%
Rainer
22%
Sandra
22%
Susana
21%
Don
18%
Cory
16%
Adrien
15%
Araceli
15%
José
15%
Pit
15%
Polly
15%
Anne
14%
Donna
14%
Elena
14%
William
14%
Jesús
13%
Marie
13%
Yunyun
13%
Mark
12%
Pian-Pian
12%
Zi-Kai
12%
André
11%
Barry
11%
Ray
11%
Skip
11%
Xixi
11%
Yuya
11%
Alphonse
10%
Enrique
10%
Frank
10%
Jeff
10%
Rui
10%
Dunbar
9%
Gerald
9%
Joost
9%
Joseph
9%
Marius
9%
Na-Rae
9%
Olga
9%
Sophia
9%
Xiao-Tong
9%
Xue-Ren
9%
Bernd
8%
Claudia
8%
Erick
8%
Haruka
8%
Leonel
8%
Maximilian
8%
Naz
8%
Ross
8%
Susie
8%
Carlo
7%
Cheng-Han
7%
Dylan
7%
Faustine
7%
Hyun-Woo
7%
Jin-Ah
7%
Kaori
7%
Marsha
7%
Massimo
7%
Mitsu
7%
Paula
7%
Pedro
7%
Steven
7%
Suzanne
7%
Xiaojian
7%
Xiuping
7%
Yuehua
7%
Bernardo
6%
Bruce
6%
Clara
6%
Cristina
6%
Delilah
6%
Hee-Joon
6%
Ivo
6%
Ji-Hoon
6%
João
6%
Juliette
6%
Laura
6%
Léonie
6%
Mizuho
6%
Naoko
6%
Pavel
6%
Ricardo
6%
Shu-Hui
6%
Bo-Jia
5%
Bowen
5%
Ilka
5%
Irina
5%
Joana
5%
Marit
5%
Masako
5%
Merrick
5%
Millie
5%
Patricia
5%
Rui-Lin
5%
Se-Young
5%
Yuriko
5%
Giulia
4%
Guillermo
4%
Haixiang
4%
Jianjun
4%
Kazuhiko
4%
Mi-Sun
4%
Mónica
4%
Jialan
3%
No matching quizzes found
Score Distribution
Percent of People with Each Score
Percentile by Number Answered
Your Score History
You have not taken this quiz since the last reset